000 01543nam a2200445 4500
008 010913s1990 us engYA
020 _a0852295316
090 _aPN6013
_bG79
245 1 0 _aGreat books of the western world /
_cMortimer J. Adler; editor-in-chief.
250 _a2nd ed.
260 _aChicago :
_bEncyclopedia Britannica,
_cc1990.
300 _ax, 582 p.
500 _aSixty (60) volume set
505 0 _aVol. 60- Imaginative literature II : Selections from the twentieth century
600 1 4 _aBeckett, Samuel, 1906-1989.
600 1 4 _aBrecht, bertolt, 1898-1956.
600 1 4 _aEliot, T. S., 1888-1965.
600 1 4 _aFaulkner, William, 1897-1962.
600 1 4 _aFitzgerald, F. Scott, 1896-1940.
600 1 4 _aHemingway, Ernest, 1899-1961.
600 1 4 _aKafka, Franz, 1883-1924.
600 1 4 _aLawrence D. H., 1885-1930.
600 1 4 _aO'Neill, Eugene, 1888-1953.
600 1 4 _aOrwell, George, 1903-1950.
600 1 4 _aWoolf, Virginia, 1882-1941.
650 4 _aAuthors, English
_xChronology.
650 4 _aLiterature
_xCollections.
700 1 _aAdler, Mortimer J.
740 0 2 _aA rose for Emily
740 0 2 _aAnimal farm
740 0 2 _aMother courage and her children
740 0 2 _aMourning becomes electra
740 0 2 _aThe metamorphosis
740 0 2 _aThe prussian officer
740 0 2 _aThe short happy life of Francis Macomber
740 0 2 _aThe waste land
740 0 2 _aTo the lighthouse
740 0 2 _aWaiting for Godot
951 _p15304
_oPN6013/G79-LX
_j070613111002234
_d2000-12-21
_cREF
999 _c4031
_d4031